Čo má vedieť akcionár Práva a povinnosti. Valné zhromaždenie akciových spoločností, príprava, priebeh, záver. Dôležité paragrafy, základné práva a povinnosti

Gespeichert in:
Bibliographische Detailangaben
Format: Buch
Sprache:Slowakisch
Veröffentlicht: Žilina Ekonspo [1993]
Ausgabe:1. vyd.
Schlagworte:
Tags: Tag hinzufügen
Keine Tags, Fügen Sie das erste Tag hinzu!

MARC

LEADER 00000nam a2200000 4500
001 c003136
005 20221214081911.9
020 |a 80-7156-009 
041 0 |a slo 
044 |a SK 
245 1 0 |a Čo má vedieť akcionár  |b Práva a povinnosti. Valné zhromaždenie akciových spoločností, príprava, priebeh, záver. Dôležité paragrafy, základné práva a povinnosti 
250 |a 1. vyd. 
264 1 |a Žilina  |b Ekonspo  |c [1993] 
300 |a 22 s. 
610 2 0 |a zhromaždenia valné 
610 2 0 |a akcionári 
610 2 0 |a spoločnosti akciové